Sports Quiz

Random Sports Quiz
Score 0/48 Timer 10:00
0 Plays Today
Hint Answer % Correct
Junior???
87.5%
Junior???
83.3%
Junior???
83.3%
Coach???
83.3%
Coach???
83.3%
Bonus???
83.3%
Sophomore???
79.2%
Sophomore???
79.2%
Sophomore???
79.2%
Junior???
79.2%
Junior???
79.2%
Senior???
79.2%
Bonus???
79.2%
Freshman???
75%
Sophomore???
75%
Junior???
75%
Junior???
75%
Junior???
75%
Junior???
75%
Senior???
75%
Bonus???
75%
Freshman???
70.8%
Freshman???
70.8%
Junior???
70.8%
Hint Answer % Correct
Junior???
70.8%
Freshman???
66.7%
Freshman???
66.7%
Sophomore???
66.7%
Sophomore???
66.7%
Sophomore???
66.7%
Junior???
66.7%
Freshman???
62.5%
Sophomore???
62.5%
Senior???
62.5%
Sophomore???
58.3%
Sophomore???
58.3%
Senior???
58.3%
Sophomore???
50%
Sophomore???
50%
Sophomore???
41.7%
Bonus???
41.7%
Sophomore???
37.5%
Sophomore???
37.5%
Sophomore???
37.5%
Freshman???
29.2%
Junior???
29.2%
Bonus???
29.2%
Bonus???
25%

You're not logged in!

Compare scores with friends on all Sporcle quizzes.
OR
Log In

Sporcle TV

Today on Sporcle TV


Watch our educational content, quiz creation guides, and fun videos on Sporcle TV.

Show Comments

Extras

Created Oct 28, 2013ReportNominate
Tags:cross-country, Running

Top Quizzes Today


Score Distribution

Paid Content

Your Account Isn't Verified!

In order to create a playlist on Sporcle, you need to verify the email address you used during registration. Go to your Sporcle Settings to finish the process.

Report this User

Report this user for behavior that violates our Community Guidelines.

Details: